[Event "Unna Open 2022"]
[Site "Unna"]
[Date "2022.12.28"]
[Round "4.23"]
[White "Böse, Marc"]
[Black "Schirmbeck, Markus"]
[Result "0-1"]
[WhiteElo "1568"]
[BlackElo "1781"]
[Annotator "Medger,Gernot"]
[PlyCount "114"]
[EventDate "2022.12.??"]
[EventType "tourn"]
[EventRounds "7"]
[EventCountry "GER"]

1. e4 d5 2. exd5 Qxd5 3. Nc3 Qd6 4. Nf3 Nf6 5. d3 Bg4 6. Be2 Nc6 7. h3 Bf5 8.
Qd2 g6 9. Qf4 e5 10. Qa4 Bg7 11. Bg5 O-O 12. O-O a6 13. Bxf6 Qxf6 14. Ne4 Qe7
15. c3 Rfd8 16. Rfd1 Rd7 17. Ng3 Be6 18. Qc2 Rad8 19. a3 Na5 20. Nd2 Bh6 21.
Nc4 Nxc4 22. dxc4 f5 23. Rxd7 Rxd7 24. Rd1 Qd8 25. Rxd7 Qxd7 26. Nf1 e4 27. b3
Kf7 28. a4 c5 29. Qb1 Bg7 30. Qc2 Be5 31. f3 exf3 32. Bxf3 b6 33. Ne3 h5 34.
Nd5 b5 35. axb5 axb5 36. Qd3 bxc4 37. Qxc4 Qa7 38. Qa4 Qb8 39. c4 Bd4+ 40. Kf1
h4 41. Qa2 Kg7 42. Qe2 Bf7 43. Qc2 Qh2 44. Ke2 Qe5+ 45. Kd1 Qh2 46. Qe2 Qg1+
47. Qe1 Qh2 48. Qe2 Qb8 49. Kc2 Qa7 50. Kd3 Qa1 51. Qc2 Qe1 52. Qe2 Qa1 53. Qc2
g5 54. Ke2 Bxd5 55. Bxd5 Kf6 56. Bf3 Qg1 57. Kd3 Qe3# 0-1

[Event "Unna Open 2022"]
[Site "Unna"]
[Date "2022.12.28"]
[Round "4.24"]
[White "Naumann, Thomas"]
[Black "Schulte, Tobias"]
[Result "1/2-1/2"]
[WhiteElo "1520"]
[BlackElo "1751"]
[Annotator "Medger,Gernot"]
[PlyCount "45"]
[EventDate "2022.12.??"]
[EventType "tourn"]
[EventRounds "7"]
[EventCountry "GER"]

1. d4 d5 2. Nf3 Nf6 3. c4 dxc4 4. Nc3 a6 5. a4 Nc6 6. e3 Na5 7. Ne5 Be6 8. Bd2
c5 9. Ne2 Nb3 10. Ra3 cxd4 11. Nf4 dxe3 12. fxe3 Bd5 13. Bxc4 Bxc4 14. Nxc4
Nxd2 15. Qxd2 Qxd2+ 16. Kxd2 O-O-O+ 17. Rd3 Rxd3+ 18. Nxd3 e6 19. Nde5 Ne4+ 20.
Ke2 f6 21. Nd3 Be7 22. Rc1 Kb8 23. Nf4 1/2-1/2

[Event "Unna Open 2022"]
[Site "Unna"]
[Date "2022.12.28"]
[Round "4.25"]
[White "Sviridov, Vitaliy"]
[Black "Xudagulyan, Xoren"]
[Result "1-0"]
[WhiteElo "1462"]
[BlackElo "1728"]
[Annotator "Medger,Gernot"]
[PlyCount "107"]
[EventDate "2022.12.??"]
[EventType "tourn"]
[EventRounds "7"]
[EventCountry "GER"]

1. d4 Nf6 2. Bf4 d5 3. e3 c6 4. c3 Bf5 5. Nd2 Nbd7 6. h3 e6 7. Ngf3 h6 8. Be2
Ne4 9. O-O Ndf6 10. Nxe4 Nxe4 11. Nd2 Nf6 12. Re1 Be7 13. Bf3 Ne4 14. Nxe4 dxe4
15. Bg4 Bh7 16. Qb3 Qb6 17. Qc2 O-O 18. Bd1 c5 19. Qe2 Rac8 20. Rb1 cxd4 21.
cxd4 Bb4 22. Rf1 Qa5 23. Bb3 Rc6 24. Rbc1 Rfc8 25. Rxc6 Rxc6 26. Rd1 Bf5 27.
Qh5 Bf8 28. g4 g6 29. Qh4 g5 30. Bxg5 Bxg4 31. Bd8 Qxd8 32. Qxd8 Bxd1 33. Bxd1
Rc1 34. Kg2 Rxd1 35. Qc8 b5 36. Qb8 b4 37. Qxa7 Rd2 38. a4 Rxb2 39. a5 Ra2 40.
Qb6 b3 41. Qxb3 Rxa5 42. Qb1 f5 43. Qb6 Ra8 44. Qxe6+ Kg7 45. Qe5+ Kg6 46. Qe6+
Kg7 47. Qxf5 Re8 48. h4 Be7 49. Qxe4 Kf7 50. Qh7+ Ke6 51. Qxh6+ Kd7 52. Qh7 Kd6
53. Qg7 Kd7 54. h5 1-0

[Event "Unna Open 2022"]
[Site "Unna"]
[Date "2022.12.28"]
[Round "4.26"]
[White "Kappelhoff, Pius"]
[Black "Pollerberg, Amelie"]
[Result "1/2-1/2"]
[WhiteElo "1654"]
[BlackElo "1454"]
[Annotator "Medger,Gernot"]
[PlyCount "71"]
[EventDate "2022.12.??"]
[EventType "tourn"]
[EventRounds "7"]
[EventCountry "GER"]

1. c4 c5 2. g3 Nc6 3. Bg2 Nf6 4. e3 e5 5. Nf3 d6 6. O-O Be6 7. b3 g6 8. Bb2 Bg7
9. d4 exd4 10. exd4 Nd7 11. Qd2 Qf6 12. Na3 O-O 13. Rab1 Bf5 14. d5 Nce5 15.
Nxe5 Nxe5 16. Rbe1 Qd8 17. Nc2 Bxc2 18. Qxc2 b6 19. Re2 Qd7 20. Rfe1 Rfe8 21.
Qe4 Nf3+ 22. Qxf3 Bxb2 23. Kf1 Bd4 24. Re4 Kf8 25. Qf4 Kg7 26. Qh4 Qf5 27. f4
Bf6 28. Qh3 Rxe4 29. Rxe4 Qxh3 30. Bxh3 Kf8 31. Bd7 Rd8 32. Bc6 Bd4 33. Kg2 h5
34. h3 Bf6 35. Kf3 Kg7 36. Re8 1/2-1/2

[Event "Unna Open 2022"]
[Site "Unna"]
[Date "2022.12.28"]
[Round "4.27"]
[White "Reinacher, Detlev"]
[Black "Weiner, Timon Liam"]
[Result "1-0"]
[WhiteElo "1651"]
[BlackElo "1153"]
[Annotator "Medger,Gernot"]
[PlyCount "89"]
[EventDate "2022.12.??"]
[EventType "tourn"]
[EventRounds "7"]
[EventCountry "GER"]

1. e4 c6 2. d3 d5 3. Nd2 e5 4. g3 Bd6 5. Bg2 Nf6 6. Ngf3 Bg4 7. c3 O-O 8. Qc2
Qb6 9. a3 a5 10. O-O Nbd7 11. b3 Rfc8 12. Bb2 h6 13. c4 d4 14. Nh4 c5 15. h3
Be6 16. f4 Nf8 17. f5 Bd7 18. g4 N8h7 19. Bc1 Ng5 20. Ndf3 Nfh7 21. Bd2 f6 22.
Rab1 Be7 23. Nxg5 Nxg5 24. Ng6 Bd6 25. Qc1 Nf7 26. Qe1 Qd8 27. h4 Be8 28. Qc1
Ra7 29. Kf2 Raa8 30. Bf3 Ra7 31. Rg1 Kh7 32. Rg2 Raa8 33. g5 fxg5 34. hxg5 Ra7
35. Qh1 Qc7 36. Rh2 Kg8 37. gxh6 gxh6 38. Bxh6 b5 39. f6 bxc4 40. Ne7+ Bxe7 41.
Qg1+ Ng5 42. Qxg5+ Kf7 43. Qg7+ Ke6 44. Bg4+ Kd6 45. Bxc8 1-0

[Event "Unna Open 2022"]
[Site "Unna"]
[Date "2022.12.28"]
[Round "4.28"]
[White "Ioffe, Leon"]
[Black "Meinberger, Manfred"]
[Result "1-0"]
[WhiteElo "1412"]
[BlackElo "1593"]
[Annotator "Medger,Gernot"]
[PlyCount "59"]
[EventDate "2022.12.??"]
[EventType "tourn"]
[EventRounds "7"]
[EventCountry "GER"]

1. e4 e6 2. a3 d5 3. e5 c5 4. b4 c4 5. d3 cxd3 6. Bxd3 Bd7 7. Bb2 Ne7 8. f4 Ng6
9. g3 Qb6 10. Nd2 a5 11. bxa5 Qxb2 12. Ne2 Rxa5 13. Rb1 Qxa3 14. Rxb7 Nc6 15.
O-O Bc5+ 16. Kh1 Ra7 17. Rb5 O-O 18. Nb3 Rb8 19. Ned4 Bxd4 20. Nxd4 Qf8 21.
Rxb8 Qxb8 22. Nb5 Rb7 23. Nd6 Rb6 24. h4 Ncxe5 25. fxe5 Nxe5 26. Nxf7 Nxd3 27.
cxd3 Qxg3 28. Nh6+ gxh6 29. Rg1 Qxg1+ 30. Qxg1+ 1-0

[Event "Unna Open 2022"]
[Site "Unna"]
[Date "2022.12.28"]
[Round "4.29"]
[White "Zeitz, Max"]
[Black "Arnoldi, Ekkehard"]
[Result "1/2-1/2"]
[WhiteElo "1619"]
[BlackElo "1298"]
[Annotator "Medger,Gernot"]
[PlyCount "124"]
[EventDate "2022.12.??"]
[EventType "tourn"]
[EventRounds "7"]
[EventCountry "GER"]

1. e4 d5 2. exd5 e6 3. dxe6 Bxe6 4. Nf3 Bc5 5. d4 Bb4+ 6. c3 Ba5 7. Bd3 Qe7 8.
O-O Nc6 9. Re1 Qd6 10. Ng5 O-O-O 11. Nxe6 fxe6 12. Qg4 Nxd4 13. b4 Bb6 14. cxd4
Bxd4 15. Rxe6 Qd7 16. Bf5 Kb8 17. Re4 Qd6 18. Rxd4 Qxd4 19. Qxd4 Rxd4 20. Nc3
Rxb4 21. Be3 Nf6 22. Rd1 g6 23. Bh3 Ng4 24. Bxg4 Rxg4 25. g3 Rc4 26. Nb1 Rc2
27. a3 c5 28. Bf4+ Kc8 29. Kg2 Rd8 30. Re1 b6 31. Re7 Rd7 32. Re6 Kb7 33. h4
Rb2 34. Nc3 Rb3 35. Ne4 Rxa3 36. Nd6+ Ka6 37. Ne4 c4 38. Nc5+ Kb5 39. Nxd7 c3
40. Re3 Ka4 41. Kf3 b5 42. Nc5+ Ka5 43. Bc7+ Kb4 44. Bd6 Kc4 45. Ne4 b4 46. Ke2
Ra2+ 47. Kd1 b3 48. Rxc3+ Kd4 49. Rxb3 Kxe4 50. Re3+ Kd5 51. Rd3+ Kc4 52. Ra3
Rxf2 53. Rxa7 Kd3 54. Ra3+ Ke4 55. Bf4 Kf5 56. Ke1 Rc2 57. Re3 Kg4 58. Re2 Rc3
59. Kf2 Rf3+ 60. Kg2 Rb3 61. Re7 Rb2+ 62. Kf1 Kf3 1/2-1/2

[Event "Unna Open 2022"]
[Site "Unna"]
[Date "2022.12.28"]
[Round "4.30"]
[White "Foltin, Alica"]
[Black "Nechitaylo, Lev"]
[Result "1-0"]
[WhiteElo "1587"]
[BlackElo "1374"]
[Annotator "Medger,Gernot"]
[PlyCount "87"]
[EventDate "2022.12.??"]
[EventType "tourn"]
[EventRounds "7"]
[EventCountry "GER"]

1. e4 c5 2. Be2 Nc6 3. d3 d6 4. f4 Bd7 5. Nf3 e5 6. O-O exf4 7. Bxf4 Nf6 8. e5
dxe5 9. Nxe5 Be7 10. Nc3 Qb6 11. Nc4 Qd8 12. Nb5 Nd5 13. Nbd6+ Kf8 14. Nxf7 Qc8
15. Nxh8 Kg8 16. Nf7 Nf6 17. Nfe5 Nxe5 18. Nxe5 Nd5 19. Nxd7 Qxd7 20. Qd2 Re8
21. Bf3 Nxf4 22. Qxf4 Bf6 23. Qc4+ Kh8 24. c3 b6 25. Rfe1 Rf8 26. Re6 b5 27.
Qe4 b4 28. Re1 h6 29. Re8 Rxe8 30. Qxe8+ Qxe8 31. Rxe8+ Kh7 32. Be4+ g6 33.
cxb4 Bxb2 34. b5 Bd4+ 35. Kf1 h5 36. Re7+ Kh6 37. Rxa7 c4 38. Rd7 Bb6 39. dxc4
Kg5 40. Rd6 Bc7 41. Rxg6+ Kh4 42. g3+ Kh3 43. Kg1 h4 44. Bg2# 1-0

[Event "Unna Open 2022"]
[Site "Unna"]
[Date "2022.12.28"]
[Round "4.31"]
[White "Koch, Lennard"]
[Black "Hammerschmidt, Martin"]
[Result "0-1"]
[WhiteElo "1358"]
[BlackElo "1583"]
[Annotator "Medger,Gernot"]
[PlyCount "70"]
[EventDate "2022.12.??"]
[EventType "tourn"]
[EventRounds "7"]
[EventCountry "GER"]

1. c4 Nf6 2. Nc3 g6 3. g3 Bg7 4. d4 O-O 5. Bg2 d6 6. e3 e5 7. Nge2 Nc6 8. O-O
Bd7 9. Rb1 Rb8 10. b4 exd4 11. exd4 Bf5 12. Rb2 Re8 13. d5 Ne5 14. Nf4 Nxc4 15.
Re2 Ne5 16. f3 Qd7 17. g4 Nfxg4 18. fxg4 Bxg4 19. Qb3 Bxe2 20. Ncxe2 Qg4 21. h3
Qh4 22. Be3 g5 23. Bf2 Qh6 24. Nd3 g4 25. Nxe5 Rxe5 26. Nd4 gxh3 27. Bxh3 Rg5+
28. Kh2 Be5+ 29. Kh1 Rh5 30. Rg1+ Kh8 31. Kg2 Rxh3 32. Qxh3 Rg8+ 33. Bg3 Rxg3+
34. Qxg3 Bxg3 35. Nf5 Qh2+ 0-1

[Event "Unna Open 2022"]
[Site "Unna"]
[Date "2022.12.28"]
[Round "4.32"]
[White "Paul, André David"]
[Black "Jorke, Roland"]
[Result "1-0"]
[WhiteElo "1583"]
[BlackElo "1270"]
[Annotator "Medger,Gernot"]
[PlyCount "103"]
[EventDate "2022.12.??"]
[EventType "tourn"]
[EventRounds "7"]
[EventCountry "GER"]

1. d4 Nf6 2. c4 g6 3. Nc3 Bg7 4. Nf3 O-O 5. e3 d6 6. Be2 Bg4 7. Qb3 b6 8. h3
Bf5 9. Nd2 Nc6 10. Bf3 Bd7 11. O-O a5 12. a3 Rb8 13. Nb5 e6 14. Qc2 Ne7 15. Nc3
d5 16. b3 c5 17. Bb2 cxd4 18. exd4 Nf5 19. Qd3 Qc7 20. Ne2 Bc6 21. Rac1 Qb7 22.
g3 Ne7 23. Qb1 dxc4 24. Bxc6 Qxc6 25. Rxc4 Qb7 26. Rfc1 Rfc8 27. Qd3 Nfd5 28.
Ne4 Qd7 29. R1c2 f5 30. Ng5 b5 31. Rc5 Rxc5 32. Rxc5 h6 33. Nf3 g5 34. Bc1 Bf6
35. Bd2 a4 36. b4 Kg7 37. Bc3 Qe8 38. Ne5 Bxe5 39. dxe5 Rb7 40. Nd4 Qd7 41.
Rxb5 Nxc3 42. Rxb7 Ne2+ 43. Qxe2 Qxb7 44. Nxe6+ Kg6 45. Nc5 Qc6 46. Qc4 Kh5 47.
Qf7+ Ng6 48. Qxf5 Ne7 49. Qf7+ Ng6 50. e6 Qd5 51. Qb7 Qe5 52. Qf3+ 1-0

[Event "Unna Open 2022"]
[Site "Unna"]
[Date "2022.12.28"]
[Round "4.33"]
[White "Jäger, Jeremy"]
[Black "Neumann, Helena"]
[Result "0-1"]
[WhiteElo "1299"]
[BlackElo "1575"]
[Annotator "Medger,Gernot"]
[PlyCount "120"]
[EventDate "2022.12.??"]
[EventType "tourn"]
[EventRounds "7"]
[EventCountry "GER"]

1. e4 c6 2. d4 d5 3. exd5 cxd5 4. Nf3 Nc6 5. Bb5 Bg4 6. h3 Bxf3 7. Qxf3 a6 8.
Ba4 e6 9. c3 Bd6 10. O-O h6 11. Bf4 Bxf4 12. Qxf4 Nf6 13. Nd2 O-O 14. Bc2 b5
15. Bd3 Qb6 16. Nf3 b4 17. Qd2 Nd7 18. Rfe1 Rfe8 19. Bf1 Rad8 20. Rac1 bxc3 21.
Rxc3 e5 22. dxe5 Ndxe5 23. Nxe5 Nxe5 24. Rce3 f6 25. Kh1 Re7 26. f4 Nc4 27.
Bxc4 dxc4 28. Qxd8+ Qxd8 29. Rxe7 Qd2 30. R7e2 Qxf4 31. Rc2 Qd4 32. Rec1 g5 33.
Rf1 h5 34. Rcf2 Kg7 35. Kh2 Qe5+ 36. Kh1 g4 37. h4 Qg3 38. Kg1 Qxh4 39. Rf4 Qg3
40. Rxf6 Qd3 41. Kh2 h4 42. Rf7+ Kg6 43. R7f6+ Kg5 44. Rf8 Qd6+ 45. Kh1 Qd5 46.
R8f2 g3 47. Rf3 Qe4 48. Rf8 Qd5 49. R8f3 a5 50. Rf7 Kg6 51. Kg1 Qe5 52. Rf8 Qg7
53. R8f7 Qxb2 54. R7f5 Kg7 55. R1f4 Qc1+ 56. Rf1 Qc2 57. Rg5+ Kh7 58. Rf8 c3
59. Rf7+ Kh6 60. Rf6+ Kxg5 0-1

[Event "Unna Open 2022"]
[Site "Unna"]
[Date "2022.12.28"]
[Round "4.34"]
[White "Muhr, Mattis"]
[Black "Ait Khouya, Moussa"]
[Result "1-0"]
[WhiteElo "1551"]
[BlackElo "830"]
[Annotator "Medger,Gernot"]
[PlyCount "81"]
[EventDate "2022.12.??"]
[EventType "tourn"]
[EventRounds "7"]
[EventCountry "GER"]

1. d4 d5 2. c4 e6 3. Nf3 Nf6 4. Nc3 c5 5. Bg5 h6 6. Bh4 Be7 7. e3 Nc6 8. Be2
Qd6 9. Nb5 Qd8 10. Bg3 O-O 11. O-O Ne4 12. Bc7 Qd7 13. Ne5 Nxe5 14. Bxe5 a6 15.
Nc7 Ra7 16. cxd5 exd5 17. dxc5 Nf6 18. Bxf6 Bxf6 19. Nxd5 Bxb2 20. Rb1 Be5 21.
Nb6 Qc6 22. Qc2 Be6 23. Bf3 Qc7 24. g3 g6 25. a3 Bd6 26. Rfc1 Be7 27. Nd5 Bxd5
28. Bxd5 Rc8 29. Qxg6+ Kh8 30. Qxh6+ Kg8 31. Qg6+ Kh8 32. Bxf7 Qc6 33. Qxc6
Rxc6 34. Bd5 Rc7 35. a4 Rd7 36. c6 bxc6 37. Bxc6 Rd2 38. Rb7 Rxb7 39. Bxb7 Rd6
40. Rc6 Rd7 41. Bxa6 1-0

[Event "Unna Open 2022"]
[Site "Unna"]
[Date "2022.12.28"]
[Round "4.35"]
[White "Dziuk, Dariusz"]
[Black "Jacob, Phil"]
[Result "1-0"]
[WhiteElo "1161"]
[BlackElo "1526"]
[Annotator "Medger,Gernot"]
[PlyCount "57"]
[EventDate "2022.12.??"]
[EventType "tourn"]
[EventRounds "7"]
[EventCountry "GER"]

1. e4 c5 2. Nc3 g6 3. Nf3 Bg7 4. d4 cxd4 5. Nxd4 Nc6 6. Be3 d6 7. Bb5 Bd7 8.
Qd2 Nf6 9. f3 a6 10. Bxc6 bxc6 11. Bh6 O-O 12. g4 c5 13. Nb3 Nxg4 14. fxg4 Bxh6
15. Qxh6 Bxg4 16. h3 Bh5 17. Rg1 f5 18. Qxh5 fxe4 19. Qd5+ Kh8 20. Nxe4 e6 21.
Qxd6 Qh4+ 22. Ng3 Rad8 23. Qe5+ Rf6 24. Nd2 Rd5 25. Qb8+ Kg7 26. O-O-O Rf2 27.
Nde4 Re2 28. Rgf1 Qxh3 29. Qf8# 1-0

[Event "Unna Open 2022"]
[Site "Unna"]
[Date "2022.12.28"]
[Round "4.36"]
[White "Siebert, Michael"]
[Black "Schulze-Ardey, Dario"]
[Result "1-0"]
[WhiteElo "1435"]
[BlackElo "767"]
[Annotator "Medger,Gernot"]
[PlyCount "85"]
[EventDate "2022.12.??"]
[EventType "tourn"]
[EventRounds "7"]
[EventCountry "GER"]

1. c4 Nf6 2. g3 e5 3. Bg2 Nc6 4. Nc3 Bc5 5. e3 d6 6. a3 a6 7. Nge2 Bg4 8. O-O
O-O 9. b4 Ba7 10. Qc2 Bd4 11. exd4 exd4 12. Nf4 dxc3 13. Qxc3 Re8 14. Bb2 Ne5
15. Bxb7 Ra7 16. Bg2 c5 17. Rfe1 Rae7 18. Kf1 Ng6 19. Rxe7 Rxe7 20. Nd5 Re2 21.
f3 Re5 22. fxg4 Nxg4 23. h3 Nh6 24. Re1 f6 25. d4 Rxe1+ 26. Qxe1 f5 27. dxc5
dxc5 28. Qe3 Qd7 29. Qd3 Qf7 30. Nf6+ gxf6 31. Bd5 Qxd5 32. Qxd5+ Kg7 33. bxc5
f4 34. Qd7+ Nf7 35. gxf4 Nxf4 36. Qg4+ Ng6 37. c6 Nfe5 38. Bxe5 fxe5 39. c7 h6
40. c8=Q Kf7 41. Qce6+ Kf8 42. Qgxg6 a5 43. Qgf7# 1-0

[Event "Unna Open 2022"]
[Site "Unna"]
[Date "2022.12.28"]
[Round "4.37"]
[White "Weiner, Marc"]
[Black "Burosch, Raimund"]
[Result "1-0"]
[WhiteElo "1207"]
[BlackElo "1429"]
[Annotator "Medger,Gernot"]
[PlyCount "45"]
[EventDate "2022.12.??"]
[EventType "tourn"]
[EventRounds "7"]
[EventCountry "GER"]

1. e4 d5 2. exd5 Nf6 3. Nc3 Nxd5 4. Nf3 Nxc3 5. bxc3 g5 6. d4 Bg7 7. Rb1 O-O 8.
Bc4 c5 9. O-O Bg4 10. Be3 b6 11. h3 Bxf3 12. Qxf3 Nd7 13. Rfe1 e6 14. Rbd1 Nf6
15. dxc5 Qc7 16. c6 Rac8 17. Bb5 Nd5 18. Bd4 e5 19. Bxe5 Bxe5 20. Rxd5 Rfe8 21.
Red1 f5 22. Rd7 Qb8 23. Qd5+ 1-0

[Event "Unna Open 2022"]
[Site "Unna"]
[Date "2022.12.28"]
[Round "4.38"]
[White "Muhr, Martin"]
[Black "Menne, Klaus"]
[Result "1-0"]
[WhiteElo "1127"]
[BlackElo "1389"]
[Annotator "Medger,Gernot"]
[PlyCount "73"]
[EventDate "2022.12.??"]
[EventType "tourn"]
[EventRounds "7"]
[EventCountry "GER"]

1. d4 d5 2. Bf4 Nf6 3. e3 e6 4. Nf3 h6 5. h4 Bd6 6. Ne5 a6 7. Nd2 Nbd7 8. c3
Bxe5 9. dxe5 Nh7 10. Nf3 c5 11. Bd3 f5 12. Nd2 Qe7 13. Be2 Nhf8 14. Bh5+ g6 15.
Be2 h5 16. Nf3 Nh7 17. Ng5 Nxg5 18. Bxg5 Qf7 19. f4 Nb6 20. Qc2 Bd7 21. Qb3 Bb5
22. Bxb5+ axb5 23. Qxb5+ Nd7 24. Qxb7 O-O 25. Qb3 Rfb8 26. Qc2 Ra7 27. O-O c4
28. b3 cxb3 29. axb3 Rab7 30. Ra3 Nc5 31. b4 Ne4 32. Rfa1 Qc7 33. Ra8 Rxb4 34.
cxb4 Qb6 35. Rxb8+ Qxb8 36. Qc6 Qxb4 37. Ra8+ 1-0

[Event "Unna Open 2022"]
[Site "Unna"]
[Date "2022.12.28"]
[Round "4.39"]
[White "Rewig, Adrian"]
[Black "Werner, Michael"]
[Result "1-0"]
[WhiteElo "1378"]
[BlackElo "1200"]
[Annotator "Medger,Gernot"]
[PlyCount "59"]
[EventDate "2022.12.??"]
[EventType "tourn"]
[EventRounds "7"]
[EventCountry "GER"]

1. e4 c6 2. Nc3 d5 3. Nf3 dxe4 4. Nxe4 Bg4 5. h3 Bxf3 6. Qxf3 e6 7. c3 Nd7 8.
d4 Ngf6 9. Bd3 Nxe4 10. Qxe4 Nf6 11. Qf3 h6 12. O-O Bd6 13. Re1 O-O 14. Bd2 b5
15. Qxc6 a6 16. Qf3 Rc8 17. a4 Qb6 18. axb5 axb5 19. Bxh6 Be7 20. Be3 b4 21.
Ra6 Qb8 22. Bf4 Rc7 23. Bxc7 Qxc7 24. Rea1 Re8 25. Ra8 bxc3 26. bxc3 Kf8 27.
Bb5 g6 28. Bxe8 Nxe8 29. Rb1 Bd8 30. Rb7 1-0

[Event "Unna Open 2022"]
[Site "Unna"]
[Date "2022.12.28"]
[Round "4.40"]
[White "Krüger, Elias Jordan"]
[Black "Ait Khouya, Muhammad"]
[Result "0-1"]
[WhiteElo "862"]
[BlackElo "1277"]
[Annotator "Medger,Gernot"]
[PlyCount "118"]
[EventDate "2022.12.??"]
[EventType "tourn"]
[EventRounds "7"]
[EventCountry "GER"]

1. e4 e5 2. Nf3 Nc6 3. Bc4 Nf6 4. Ng5 d5 5. exd5 Na5 6. Bb5+ c6 7. dxc6 bxc6 8.
Qe2 cxb5 9. Qxb5+ Bd7 10. Qxe5+ Qe7 11. Qxe7+ Bxe7 12. O-O O-O 13. Re1 Nd5 14.
Nc3 Bxg5 15. Nxd5 Rfe8 16. Rf1 Rac8 17. c3 Nc6 18. d4 Bxc1 19. Raxc1 Ne7 20.
Ne3 Nf5 21. Ng4 Ng3 22. fxg3 Bxg4 23. Rf4 Be6 24. a3 a5 25. Rd1 Red8 26. Kf2
Rb8 27. Rd2 Rd5 28. Ke3 Re8 29. c4 Rdd8 30. Kf2 Bxc4 31. Rf5 Rd5 32. Rxd5 Bxd5
33. b4 axb4 34. axb4 f6 35. b5 Rb8 36. Rb2 Rb6 37. Rb4 Bc6 38. Ke3 Bd7 39. Ke4
Rxb5 40. Rxb5 Bxb5 41. d5 Kf7 42. g4 Ke7 43. h4 Kd6 44. g3 Bc4 45. g5 fxg5 46.
hxg5 Bxd5+ 47. Kf5 Bc4 48. Kf4 Ke6 49. g4 h6 50. gxh6 gxh6 51. Kg3 Kf6 52. Kh4
Kg6 53. Kg3 Kg5 54. Kh3 Be6 55. Kg3 Bxg4 56. Kh2 Kh4 57. Kg2 h5 58. Kh2 Bf3 59.
Kg1 Kg3 0-1

[Event "Unna Open 2022"]
[Site "Unna"]
[Date "2022.12.28"]
[Round "4.41"]
[White "Schirmbeck, Lilian"]
[Black "Kommessin, Sabine"]
[Result "0-1"]
[WhiteElo "1541"]
[BlackElo "1111"]
[Annotator "Medger,Gernot"]
[PlyCount "64"]
[EventDate "2022.12.??"]
[EventType "tourn"]
[EventRounds "7"]
[EventCountry "GER"]

1. d4 d5 2. c4 e6 3. Nc3 dxc4 4. e4 c5 5. Qa4+ Bd7 6. Qxc4 cxd4 7. Qxd4 Nc6 8.
Qd1 Nf6 9. Nf3 Bb4 10. Qc2 e5 11. Bd2 Bg4 12. Be2 Bxf3 13. Bxf3 Nd4 14. Qd1 O-O
15. a3 Ba5 16. b4 Bb6 17. Bg5 h6 18. Bh4 Rc8 19. Rc1 Rc6 20. Nd5 Nxf3+ 21. gxf3
g5 22. Rg1 Nxd5 23. exd5 Rd6 24. Qd2 f6 25. Qd3 Rf7 26. Qf5 Kg7 27. Bg3 Rxd5
28. h4 e4 29. Qg4 e3 30. Kf1 Rd2 31. fxe3 Qd3+ 32. Ke1 Qe2# 0-1

[Event "Unna Open 2022"]
[Site "Unna"]
[Date "2022.12.28"]
[Round "4.42"]
[White "Krolik, Wilfried"]
[Black "Weiner, Letizia Marilena"]
[Result "1-0"]
[WhiteElo "1472"]
[BlackElo "734"]
[Annotator "Medger,Gernot"]
[PlyCount "49"]
[EventDate "2022.12.??"]
[EventType "tourn"]
[EventRounds "7"]
[EventCountry "GER"]

1. e4 c6 2. d4 d5 3. Nc3 Be6 4. Nf3 Nd7 5. exd5 cxd5 6. Ng5 Ngf6 7. Nxe6 fxe6
8. Bd3 Nb6 9. Qe2 Qd6 10. O-O O-O-O 11. Nb5 Qb8 12. Qxe6+ Rd7 13. g3 Na4 14.
Bf4 Qa8 15. Nc7 Qb8 16. Bb5 Nb6 17. Bxd7+ Nbxd7 18. Nxd5 Qa8 19. Nc7 Qb8 20.
Nd5 Qa8 21. Nxe7+ Bxe7 22. Qxe7 Rg8 23. Qd6 Kd8 24. Rfe1 b6 25. Qc7# 1-0

[Event "Unna Open 2022"]
[Site "Unna"]
[Date "2022.12.28"]
[Round "4.43"]
[White "Conradi, Rolf"]
[Black "Le, Elias"]
[Result "1/2-1/2"]
[WhiteElo "1287"]
[BlackElo "835"]
[Annotator "Medger,Gernot"]
[PlyCount "48"]
[EventDate "2022.12.??"]
[EventType "tourn"]
[EventRounds "7"]
[EventCountry "GER"]

1. e4 e5 2. Nc3 Nf6 3. f4 d6 4. h3 b6 5. Nf3 exf4 6. d4 Bb7 7. Bd3 Be7 8. Bxf4
Nbd7 9. O-O c5 10. d5 O-O 11. Re1 g6 12. Qd2 Nh5 13. Bh2 Bh4 14. Nxh4 Qxh4 15.
Re3 Qg5 16. Bxd6 Nf4 17. Bxf4 Qxf4 18. Rf1 Qh6 19. e5 Nxe5 20. Qe2 Nxd3 21.
Qxd3 Rad8 22. Re7 Rb8 23. Rfe1 Rfd8 24. Qf3 f5 1/2-1/2

[Event "Unna Open 2022"]
[Site "Unna"]
[Date "2022.12.28"]
[Round "4.44"]
[White "Luccone, Constantin"]
[Black "Senel, Serdar"]
[Result "0-1"]
[WhiteElo "1190"]
[BlackElo "1228"]
[Annotator "Medger,Gernot"]
[PlyCount "172"]
[EventDate "2022.12.??"]
[EventType "tourn"]
[EventRounds "7"]
[EventCountry "GER"]

1. e4 e5 2. Nf3 Nc6 3. Bc4 Bc5 4. c3 Nf6 5. d4 exd4 6. cxd4 Bb4+ 7. Nc3 Bxc3+
8. bxc3 Nxe4 9. Qd3 Nf6 10. O-O O-O 11. Bg5 d5 12. Bb3 Be6 13. Bc2 g6 14. Bh6
Re8 15. Bg5 Bf5 16. Qd1 Bxc2 17. Qxc2 Qd6 18. Rfe1 Ne4 19. Bh4 Qf4 20. Bg3 Nxg3
21. fxg3 Qf6 22. Rf1 Qd6 23. Qd2 Re7 24. Rae1 Rae8 25. Rxe7 Rxe7 26. Re1 a5 27.
Rxe7 Qxe7 28. h3 Qe4 29. Kh2 Ne7 30. Qh6 Nf5 31. Qd2 c6 32. g4 Ne3 33. Qf2 Qf4+
34. g3 Qe4 35. Ng5 Qc2 36. Qxc2 Nxc2 37. Nf3 f6 38. Kg1 b5 39. Kf2 b4 40. cxb4
Nxb4 41. a4 Nd3+ 42. Ke3 Nb2 43. Kd2 Nxa4 44. Kc2 Nb6 45. Nd2 Kf7 46. Kb3 Ke6
47. Nf3 f5 48. Ng5+ Kf6 49. Nxh7+ Kg7 50. Ng5 fxg4 51. hxg4 Kf6 52. Nf3 Nd7 53.
Ka4 c5 54. dxc5 Nxc5+ 55. Kxa5 Ne4 56. Kb5 Nxg3 57. Kc5 Ke6 58. Kd4 Ne4 59. Ke3
Nf6 60. Kf4 Ne4 61. Nd4+ Kf6 62. Nf3 g5+ 63. Ke3 Ke6 64. Nd4+ Kd6 65. Nf3 Kc5
66. Ne5 Nf6 67. Kd3 d4 68. Nf3 Nxg4 69. Nxd4 Kd5 70. Nf3 Ne5+ 71. Ke3 Nxf3 72.
Kxf3 Ke5 73. Kg4 Kf6 74. Kf3 Kf5 75. Kg3 g4 76. Kf2 Kf4 77. Kg2 g3 78. Kh1 Kf3
79. Kg1 g2 80. Kh2 Kf2 81. Kh3 g1=Q 82. Kh4 Kf3 83. Kh5 Kf4 84. Kh6 Kf5 85. Kh7
Kf6 86. Kh8 Qg7# 0-1

[Event "Unna Open 2022"]
[Site "Unna"]
[Date "2022.12.28"]
[Round "4.46"]
[White "Neumann, Michael"]
[Black "Leufert, Jan-Frederik"]
[Result "1-0"]
[WhiteElo "1298"]
[BlackElo "774"]
[Annotator "Medger,Gernot"]
[PlyCount "53"]
[EventDate "2022.12.??"]
[EventType "tourn"]
[EventRounds "7"]
[EventCountry "GER"]

1. e4 d5 2. e5 e6 3. d4 f6 4. f4 Nc6 5. Nf3 fxe5 6. fxe5 Bd7 7. Be2 Bb4+ 8. c3
Ba5 9. O-O Qe7 10. Bg5 Qf7 11. Nh4 Nf6 12. exf6 gxf6 13. Bh5 Qxh5 14. Qxh5+ Ke7
15. Bxf6+ Kd6 16. Bxh8 Rxh8 17. Ng6 Be8 18. Nxh8 Bxh5 19. Nd2 Bb6 20. Rae1 e5
21. Nf7+ Bxf7 22. Rxf7 exd4 23. c4 d3+ 24. Kf1 Ba5 25. Rd1 Nd8 26. Rxh7 Bxd2
27. Rxd2 1-0

[Event "Unna Open 2022"]
[Site "Unna"]
[Date "2022.12.29"]
[Round "5.1"]
[White "Huckebrink, Chris"]
[Black "Korten, Lando"]
[Result "1-0"]
[WhiteElo "2145"]
[BlackElo "2135"]
[Annotator "Medger,Gernot"]
[PlyCount "114"]
[EventDate "2022.12.??"]
[EventType "tourn"]
[EventRounds "7"]
[EventCountry "GER"]

1. e4 c5 2. Nf3 d6 3. d4 cxd4 4. Nxd4 Nf6 5. Nc3 a6 6. Bg5 e6 7. f4 Be7 8. Qf3
h6 9. Bh4 g5 10. fxg5 Nfd7 11. Qh5 Ne5 12. Bf2 Bxg5 13. Rd1 Qa5 14. Be2 Bd7 15.
O-O Rg8 16. Bh4 Nbc6 17. Kh1 O-O-O 18. Nb3 Qc7 19. Bf2 Ne7 20. Nd4 N7g6 21. g3
Bc6 22. Qh3 Kb8 23. a4 Qd7 24. Nxc6+ Qxc6 25. Bd4 f5 26. b4 Qc8 27. exf5 Qc6+
28. Qg2 Qxg2+ 29. Kxg2 exf5 30. Rxf5 Be3 31. Kh3 Bxd4 32. Rxd4 Rc8 33. Ne4 Rxc2
34. Bd1 Rc6 35. b5 axb5 36. axb5 Rc4 37. Rxc4 Nxc4 38. Bb3 Re8 39. Nf6 Ne3 40.
Nxe8 Nxf5 41. Bc2 Nge7 42. Bxf5 Nxf5 43. g4 Nd4 44. Nxd6 Kc7 45. Nf5 Nxb5 46.
Kh4 Nd6 47. Kh5 b5 48. Nd4 b4 49. Kxh6 Kd7 50. h4 Nf7+ 51. Kg7 Ne5 52. g5 b3
53. Nxb3 Nf3 54. h5 Nxg5 55. h6 Ke7 56. Nc5 Nf7 57. h7 Nh8 1-0